[Event "NBG Open Weilburg"]
[Site "Weilburg"]
[Date "1996.??.??"]
[Round "7"]
[White "Rasch, Holger"]
[Black "Berger, Stefan"]
[Result "1-0"]
[WhiteElo "2240"]
[BlackElo "2010"]

1.e4 g6 2.d4 Bg7 3.Nc3 d6 4.Be2 Nf6 5.h4 h5 6.f3 Nbd7 7.Be3 c6 8.Qd2 Qa5
9.Nh3 a6 10.Ng5 b5 11.O-O Nf8 12.a4 b4 13.Nd1 Ne6 14.Nf2 Nxg5 15.hxg5 Nd7
16.f4 e6 17.Nd3 Rb8 18.f5 exf5 19.exf5 gxf5 20.Nf4 h4 21.Rae1 Kd8 22.Bh5 Rf8
23.Bxf7 Rxf7 24.Ne6+ Ke7 25.Bf4 Be5 26.g6 Rf6 27.dxe5 dxe5 28.Bxe5 Nxe5 29.Rxe5 Qxe5
30.Qd8+ Kxe6 31.Qe8+ Kd6 32.Rd1+ Qd5 33.Qd8+ Ke6 34.Rxd5 cxd5 35.Qe8+ Kd6
36.g7 Rg6 37.Qxg6+ Be6 38.Qf6 Rg8 39.Kf2 a5 40.Ke3 Kd7 41.Kd4 Re8 42.Qf8 Bg8
43.Qxf5+ Be6 44.Qf8 Bg8 45.Kc5 Rc8+ 46.Kb5 b3 47.c3  1-0

[Event "Werfen op-B"]
[Site "Werfen"]
[Date "1996.??.??"]
[Round "1"]
[White "Himmelbauer, Wolfgang"]
[Black "Wenger, Anton"]
[Result "1-0"]
[WhiteElo "1825"]
[BlackElo "1630"]

1.e4 g6 2.d4 Bg7 3.Nc3 d6 4.f4 e6 5.Nf3 Nd7 6.Bd3 Ne7 7.Be3 b6 8.Qd2 Bb7
9.O-O O-O 10.e5 Rc8 11.Nb5 dxe5 12.fxe5 a6 13.Na3 c5 14.c3 Nf5 15.Bxf5 exf5
16.Bh6 Bxf3 17.Rxf3 Qe7 18.Rh3 f6 19.Bxg7 Qxg7 20.e6 Nb8 21.d5 Rcd8 22.Rd3 Rfe8
23.Re1 Qc7 24.c4 Qd6 25.Rd1 Kg7 26.Qf2 Re7 27.Nb1 Ree8 28.Nc3 Re7 29.Qd2 Rc8
30.Rh3 Rh8 31.Qh6+ Kg8 32.Rf3 Rb7 33.a4 Re7 34.g4 Rg7 35.Kh1 fxg4 36.Rxf6 Qe5
37.Rdf1  1-0

[Event "Sonnevanck"]
[Site "Wijk aan Zee"]
[Date "1996.??.??"]
[Round "4"]
[White "Jonkman, Harmen"]
[Black "Bricard, Emmanuel"]
[Result "0-1"]
[WhiteElo "2325"]
[BlackElo "2475"]

1.e4 g6 2.d4 Bg7 3.Nc3 d6 4.f4 c6 5.Be3 b5 6.a3 Nd7 7.Nf3 a6 8.Bd3 c5 9.d5 Ngf6
10.h3 O-O 11.O-O Bb7 12.Qd2 Qc7 13.g4 c4 14.Be2 Nc5 15.Bxc5 Qxc5+ 16.Kg2 e6
17.g5 Nh5 18.Nh2 exd5 19.Nxd5 Rae8 20.Bf3 Bxb2 21.Rae1 Bxd5 22.exd5 Ng7 23.c3 Qxa3
24.Ng4 Bxc3 25.Nh6+ Kh8 26.Rxe8 Rxe8 27.Nxf7+ Kg8 28.Nh6+ Kf8 29.Qd1 Qb3
30.Qc1 Qb2+  0-1

[Event "Wuerzburg op"]
[Site "Wuerzburg"]
[Date "1996.??.??"]
[Round "6.8"]
[White "Gofshtein, Leonid D"]
[Black "Rudolf, Henrik"]
[Result "1-0"]
[WhiteElo "2540"]
[BlackElo "2235"]

1.e4 g6 2.d4 Bg7 3.Nc3 d6 4.Nf3 Nf6 5.Be2 O-O 6.O-O c6 7.h3 Nbd7 8.Bf4 Qa5
9.Nd2 b5 10.e5 Ne8 11.exd6 Nxd6 12.Bf3 Qb6 13.Nb3 Bb7 14.a4 a6 15.Re1 Rfe8
16.axb5 axb5 17.Rxa8  1-0

[Event "Yerevan ol (Men)"]
[Site "Yerevan"]
[Date "1996.??.??"]
[Round "1"]
[White "Kaminski, Marcin"]
[Black "Jasim, AR Saleh"]
[Result "1-0"]
[WhiteElo "2525"]
[BlackElo "2190"]

1.e4 g6 2.d4 Bg7 3.Nc3 d6 4.Be3 c6 5.Qd2 b5 6.Bd3 Nd7 7.Nge2 a6 8.O-O e5
9.f4 Ne7 10.Nd1 O-O 11.Nf2 Bb7 12.c3 Rc8 13.fxe5 dxe5 14.Ng4 f6 15.Bc2 h5
16.Bb3+ Kh7 17.Nf2 c5 18.Be6 Rc7 19.d5 Nc8 20.g4 hxg4 21.Nxg4 Nd6 22.Ng3 Re8
23.Qg2 Rxe6 24.dxe6 Nf8 25.Qh3+ Kg8 26.Bh6 Nh7 27.Bxg7 Rxg7 28.Qh4 g5 29.Qh6 Bxe4
30.Nh5 Ne8 31.Nxg7 Nxg7 32.Nxf6+ Nxf6 33.Rxf6 Qd2  1-0

[Event "Yerevan ol (Men)"]
[Site "Yerevan"]
[Date "1996.??.??"]
[Round "3"]
[White "Mochalov, Evgeny V"]
[Black "Ortiz, E."]
[Result "1/2-1/2"]
[WhiteElo "2465"]
[BlackElo "2205"]

1.d4 d6 2.e4 g6 3.Nc3 Bg7 4.Nf3 Nf6 5.h3 O-O 6.Be3 c6 7.a4 a5 8.Be2 Na6 9.O-O Nb4
10.Qd2 Qc7 11.Rad1 Re8 12.Rfe1 b6 13.e5 Nfd5 14.Nxd5 Nxd5 15.Bh6 Bh8 16.Bc4 Bf5
17.g4 Be6 18.Ng5 Qd7 19.Nxe6 Qxe6 20.f4 Bg7 21.Bxg7 Kxg7 22.Kh2 f6 23.Bd3 dxe5
24.dxe5 fxe5 25.Rxe5 Qf6 26.Rf1 Rf8 27.Kg3 Rad8 28.g5 Qd6 29.Qe2 Rf7 30.Be4 Rdf8
31.Bxd5 cxd5 32.Re6 Qc5 33.c3 Kg8 34.Qe3 Qc4 35.Rf2 Qxa4 36.Rxe7 Qa1 37.Rxf7 Qg1+
38.Kh4 Kxf7 39.Qf3 Kg7 40.Re2 Rf7 41.Qf2 Qxf2+ 42.Rxf2 Rc7 43.Kg4 Rc5 44.h4 h6
45.Rd2 hxg5 46.hxg5 Kf7 47.Rh2 Rb5 48.Rh7+ Kg8 49.Rd7 Rxb2 50.Rxd5 a4 51.Rd8+ Kf7
52.Ra8 b5 53.Ra7+ Kf8 54.c4 bxc4 55.Rxa4 c3 56.Rc4 c2 57.Kf3 Ke7 58.Ke3 Ke6
59.Kd2 Kf5 60.Rc6 Kxf4 61.Rxg6 c1=Q+ 62.Kxc1 Rb5  1/2-1/2

[Event "Yerevan ol (Men)"]
[Site "Yerevan"]
[Date "1996.??.??"]
[Round "3"]
[White "Nedev, Trajce"]
[Black "Zaichik, Gennadi"]
[Result "1-0"]
[WhiteElo "2415"]
[BlackElo "2550"]

1.e4 g6 2.d4 Bg7 3.Nc3 d6 4.Be3 a6 5.Qd2 Nd7 6.h4 h5 7.Nh3 b5 8.Ng5 Nh6 9.f3 c5
10.Rd1 Bb7 11.dxc5 dxc5 12.Be2 Bc6 13.O-O Qa5 14.Nd5 Qxd2 15.Rxd2 Rc8 16.c3 Ng8
17.a4 e6 18.axb5 axb5 19.Nf4 Ngf6 20.Nd3 Bf8 21.Ra1 Be7 22.Ra7 Nh7 23.Nxf7 Kxf7
24.Rxd7 Bxd7 25.Ne5+ Kf6 26.Nxd7+ Kg7 27.Bxb5 Rhd8 28.Bc4 Bxh4 29.Bxe6 Bg3
30.Kf1 Rc6 31.Bd5 Ra6 32.Nxc5 Ra1+ 33.Ke2 Re1+ 34.Kd3 Rd6 35.Bd4+ Kh6 36.Ne6 Ng5
37.Nxg5 Kxg5 38.b4 Bf4 39.Re2 Rd1+ 40.Kc4 Rd8 41.b5 Rb1 42.e5 Ra1 43.Bc6 Ra4+
44.Kb3  1-0

[Event "Yerevan ol (Men)"]
[Site "Yerevan"]
[Date "1996.??.??"]
[Round "3"]
[White "Dimitrov, Vladimir"]
[Black "Belli, Mario"]
[Result "0-1"]
[WhiteElo "2530"]
[BlackElo "2425"]

1.e4 d6 2.d4 g6 3.Nc3 Bg7 4.f4 Nf6 5.Nf3 O-O 6.Bd3 Na6 7.O-O c5 8.d5 Nc7
9.a4 Bg4 10.h3 Bxf3 11.Qxf3 e6 12.Bc4 exd5 13.exd5 a6 14.a5 Nd7 15.Qd3 b5
16.axb6 Nxb6 17.Ba2 Nb5 18.Ne4 Rc8 19.Nd2 Re8 20.c3 Qe7 21.Nc4 Nd7 22.Bb3 Ra8
23.Bd2 Nf6 24.f5 Qe4 25.Qxe4 Nxe4 26.Bf4 gxf5 27.Bh2 Rab8 28.Ba4 Red8 29.Rxf5 Nbxc3
30.bxc3 Bxc3 31.Bc2 Bxa1 32.Bxe4 Bd4+ 33.Kf1 f6 34.Nxd6 Rb4 35.Bd3 a5 36.Ne4 a4
37.Nxf6+ Kh8 38.Ng4 a3 39.Rf7 a2  0-1

[Event "Yerevan ol (Men)"]
[Site "Yerevan"]
[Date "1996.??.??"]
[Round "3"]
[White "Mendoza, Rafael"]
[Black "Hillarp Persson, Tiger"]
[Result "1/2-1/2"]
[WhiteElo "2280"]
[BlackElo "2400"]

1.e4 g6 2.d4 Bg7 3.Nc3 d6 4.f4 a6 5.a4 Nc6 6.Be3 Nf6 7.Nf3 O-O 8.Be2 e5 9.fxe5 dxe5
10.dxe5 Ng4 11.Qxd8 Nxd8 12.Bc5 Re8 13.Nd5 Ne6 14.Ba3 Bd7 15.a5 Bc6 16.h3 Nxe5
17.Nxe5 Bxe5 18.O-O Rad8 19.Rad1 Kg7 20.Bc4 Bb5 21.Bxb5 axb5 22.Be7 Rxe7
23.Nxe7 Re8 24.Nd5 Bxb2 25.Nxc7 Nxc7 26.Rd7 Ne6 27.Rfxf7+ Kg8 28.Rfe7 Rxe7
29.Rxe7 Nc5 30.Kf1 Bc3 31.Rc7 Nxe4 32.Rxb7 Bxa5 33.Rxb5 Bc7 34.Rb7 Bd6 35.Ke2 Nc5
36.Ra7 h5 37.Kf3 Kf8 38.h4 Be7 39.g4 hxg4+ 40.Kxg4 Ne4 41.c4 Kf7 42.c5 Nxc5
43.Rxe7+ Kxe7 44.h5  1/2-1/2

[Event "Yerevan ol (Women)"]
[Site "Yerevan"]
[Date "1996.??.??"]
[Round "4"]
[White "Aginian, Nelly"]
[Black "Agababian, Naira"]
[Result "0-1"]
[WhiteElo "2075"]
[BlackElo "2210"]

1.e4 g6 2.d4 Bg7 3.Nc3 d6 4.Be3 c6 5.a4 Nd7 6.Nf3 Qc7 7.Be2 Ngf6 8.h3 e5
9.O-O O-O 10.Qd2 Re8 11.dxe5 dxe5 12.Rad1 Nh5 13.Bc4 Nb6 14.Bb3 Be6 15.Bxe6 Rxe6
16.b3 Rae8 17.Ng5 R6e7 18.a5 Nc8 19.Na4 f6 20.Nf3 Rf7 21.Nc5 b6 22.axb6 axb6
23.Na6 Qb7 24.Nb4 Bf8 25.Qc3 Ng7 26.Nd2 f5 27.Nc4 f4 28.Bc1 Bc5 29.Bb2 Bd4
30.Qf3 Bxb2 31.Nxb2 Ne6 32.Rfe1 Nd4 33.Qd3 f3 34.g3 h5 35.h4 b5 36.Kh2 g5
37.Qe3 gxh4 38.Rxd4 hxg3+ 39.fxg3 exd4 40.Qxd4 h4 41.gxh4 Qc7+ 42.e5 f2  0-1

[Event "Yerevan ol (Women)"]
[Site "Yerevan"]
[Date "1996.??.??"]
[Round "5"]
[White "Ratcu, Tatiana"]
[Black "Laesson, Tuulikki"]
[Result "1-0"]
[WhiteElo "2190"]
[BlackElo "2290"]

1.e4 g6 2.d4 Bg7 3.Nc3 d6 4.f4 Nf6 5.Nf3 O-O 6.Bd3 Nbd7 7.O-O c5 8.d5 a6
9.a4 Qa5 10.Nd2 Qc7 11.Nc4 b6 12.Qe2 Bb7 13.Bd2 Rfe8 14.Rae1 Nf8 15.Qf3 e6
16.f5 gxf5 17.dxe6 fxe6 18.Qg3 Nxe4 19.Bxe4 fxe4 20.Nxd6 Re7 21.Ncxe4 Bxe4
22.Rxe4 Ng6 23.c3 Rd8 24.Bf4 Nxf4 25.Rexf4 e5 26.Rf7 Rxf7 27.Rxf7 Qxf7 28.Nxf7 Kxf7
29.Qf3+ Bf6 30.Qb7+ Be7 31.Qxb6 Rd6 32.Qb3+ Kg7 33.Qc2 Bg5 34.Qe2 Kf6 35.b4 cxb4
36.cxb4 Bd2 37.b5 axb5 38.Qxb5 Ke6 39.a5 Be3+ 40.Kf1 Bd4 41.Qe8+ Kd5 42.a6 Rf6+
43.Ke1 Rg6 44.Qf7+  1-0

[Event "Yerevan ol (Men)"]
[Site "Yerevan"]
[Date "1996.??.??"]
[Round "6"]
[White "Ady, Jonathan James"]
[Black "Kakageldyev, Amanmurad"]
[Result "1-0"]
[WhiteElo "2370"]
[BlackElo "2475"]

1.e4 g6 2.d4 Bg7 3.Nc3 d6 4.f4 Nf6 5.Nf3 O-O 6.Bd3 Na6 7.O-O c5 8.d5 Nc7
9.a4 a6 10.Qe1 Rb8 11.Qh4 b5 12.axb5 axb5 13.f5 c4 14.Be2 Bd7 15.Bh6 b4 16.Nd1 Bxh6
17.Qxh6 Nxe4 18.Nf2 Nf6 19.Ng5 Nce8 20.fxg6 hxg6 21.Nfe4 Qb6+ 22.Kh1 Bf5
23.Rf4 Bxe4 24.Rh4  1-0

[Event "Yerevan ol (Men)"]
[Site "Yerevan"]
[Date "1996.??.??"]
[Round "6"]
[White "Spangenberg, Hugo"]
[Black "Ftacnik, Lubomir"]
[Result "1/2-1/2"]
[WhiteElo "2555"]
[BlackElo "2610"]

1.e4 d6 2.d4 g6 3.Nc3 Bg7 4.Nf3 Nf6 5.h3 O-O 6.Be3 a6 7.a4 b6 8.Bc4 e6 9.O-O d5
10.exd5 exd5 11.Bd3 Nc6 12.Re1 Re8 13.Bf4 Rxe1+ 14.Qxe1 Nb4 15.Qe3 Nxd3 16.cxd3 Be6
17.b4 Ne8 18.Re1 Nd6 19.g4 Qf8 20.Be5 Re8 21.Bxg7 Kxg7 22.Qf4 f6 23.h4 h6
24.Re3 Bg8 25.Rxe8 Nxe8 26.g5 fxg5 27.Qe5+ Kh7 28.hxg5 Qxf3 29.Qxe8 Qg4+
30.Kf1 Qxd4 31.Qe7+ Qg7 32.Qxg7+ Kxg7 33.gxh6+ Kxh6 34.d4 Kg5 35.a5 bxa5
36.bxa5 Be6 37.f3 Kf6 38.Na4 Ke7 39.Ke2 Kd6 40.Kd3 Bd7 41.Nc5 Bb5+ 42.Kd2 Bf1
43.Kc3 g5 44.Nb7+ Kc6 45.Nd8+ Kb5 46.Ne6 Kxa5 47.Nxg5 Be2 48.f4 Bg4 49.Nh7 Kb5
50.Nf6 Bf3 51.f5 c5 52.dxc5 Kxc5 53.Nxd5  1/2-1/2

[Event "Yerevan ol (Women)"]
[Site "Yerevan"]
[Date "1996.??.??"]
[Round "7"]
[White "Lakos, Nikoletta"]
[Black "Agababian, Naira"]
[Result "1-0"]
[WhiteElo "2280"]
[BlackElo "2210"]

1.e4 g6 2.d4 Bg7 3.Nc3 d6 4.Nf3 c6 5.Be2 Nd7 6.O-O Qc7 7.a4 Ngf6 8.Nd2 e5
9.Nc4 O-O 10.d5 Ne8 11.dxc6 bxc6 12.b3 f5 13.Ba3 Rf6 14.Nd5 cxd5 15.Qxd5+ Rf7
16.Qxa8 Ndf6 17.Nxd6 Nxd6 18.Bxd6 Qxd6 19.Qxc8+ Rf8 20.Qc4+ Kh8 21.Rad1 Qb6
22.exf5 gxf5 23.b4 Ne4 24.Rd7 Qg6 25.Qa6 Bf6 26.Qxa7 Rg8 27.g3 Ng5 28.Bc4 Rf8
29.Be2 f4 30.Qc5 Rg8 31.Qd5 e4 32.Bg4 f3 33.Qf5 Qh6 34.h4 Nh3+ 35.Bxh3 Bxh4
36.Kh2 e3 37.Qe5+ Bf6 38.Qxe3 Qh5 39.Rd3  1-0

[Event "Yerevan ol (Men)"]
[Site "Yerevan"]
[Date "1996.??.??"]
[Round "8"]
[White "Dineley, Richard"]
[Black "Riego Prieto, Victorio"]
[Result "1-0"]
[WhiteElo "2255"]
[BlackElo "2220"]

1.e4 d6 2.d4 g6 3.Nc3 Bg7 4.Bg5 Nc6 5.Nge2 a6 6.f3 b5 7.Qd2 h6 8.Bh4 Nf6
9.a4 Rb8 10.axb5 axb5 11.d5 b4 12.Na2 Ne5 13.Nxb4 O-O 14.Nd4 Bd7 15.Be2 Qc8
16.O-O c5 17.dxc6 Nxc6 18.Nbxc6 Bxc6 19.c4 Bd7 20.b4 g5 21.Bf2 Nh5 22.Rfc1 Be5
23.g3 Bg7 24.c5 dxc5 25.Rxc5 Qb7 26.b5 Rfd8 27.Qc2 Rbc8 28.Rc1 Nf6 29.Nc6 Bxc6
30.bxc6 Qc7 31.Kg2 Ne8 32.Rd5 Nd6 33.e5 Ne8 34.Rd7 Qxe5 35.Ba6 Bf6 36.Bxc8 Rxc8
37.Bd4 Qe6 38.Bb6 g4 39.f4 Ra8 40.Qc4 Qf5 41.Qd5 Qg6 42.c7 Bb2 43.Qxa8 Qxb6
44.c8=Q Kg7 45.Qxe8  1-0

[Event "Yerevan ol (Men)"]
[Site "Yerevan"]
[Date "1996.??.??"]
[Round "9"]
[White "Kanengoni, Arnold T"]
[Black "Robinson, Richard"]
[Result "0-1"]
[WhiteElo "2230"]
[BlackElo "2085"]

1.e4 g6 2.d4 Bg7 3.Nc3 d6 4.f4 a6 5.a4 Nc6 6.Be3 Nf6 7.Be2 e5 8.fxe5 dxe5
9.d5 Nd4 10.Nf3 Ng4 11.Bc1 O-O 12.O-O f5 13.exf5 gxf5 14.h3 Nxf3+ 15.Bxf3 Nf6
16.Bg5 Qd6 17.Qd2 Bd7 18.Rad1 Rae8 19.Kh1 Kh8 20.Be2 Ng8 21.Bh5 Rb8 22.Qf2 Ne7
23.Be3 b6 24.Be2 Ra8 25.a5 f4 26.Bc1 Bf5 27.Bd3 bxa5 28.Qf3 Qg6 29.Ne4 Rab8
30.Rfe1 Nxd5 31.Nc5 Bxd3 32.Rxd3 Nb4 33.Nd7 Nxd3 34.Nxf8 Rxf8 35.cxd3 Rd8
36.Re4 Qc6 37.Rc4 Qxf3 38.gxf3 Rxd3 39.Rxc7 Bf8 40.Kg2 Rd1 41.h4 Bd6 42.Rc6 Kg7
43.Kf2 Bb4 44.Ke2 Rd6 45.Rc8 a4 46.Re8 Rd5 47.Re6 a5 48.h5 Kf7 49.Rh6 Kg8
50.Re6 Kg7 51.Rb6 Rd6 52.Rb5 Rc6 53.Kd1 Re6 54.Ke2 Kh6 55.Bd2 Bxd2 56.Kxd2 Kxh5
57.Kd3 Kh4 58.Ke4 Kg3 59.Rxa5 Rb6 60.Rxa4 Rxb2 61.Kxe5 Re2+ 62.Kf5 Re8  0-1

[Event "Yerevan ol (Men)"]
[Site "Yerevan"]
[Date "1996.??.??"]
[Round "9"]
[White "Stanec, Nikolaus"]
[Black "Kakageldyev, Amanmurad"]
[Result "1/2-1/2"]
[WhiteElo "2505"]
[BlackElo "2475"]

1.e4 g6 2.d4 Bg7 3.Nc3 d6 4.h3 Nf6 5.Nf3 O-O 6.Bf4 c6 7.Qd2 Nbd7 8.e5 dxe5
9.dxe5 Nd5 10.Nxd5 cxd5 11.Bd3 Qb6 12.b3 f6 13.Be3 Qc7 14.Be2  1/2-1/2

[Event "Yerevan ol (Men)"]
[Site "Yerevan"]
[Date "1996.??.??"]
[Round "9"]
[White "Mallahi, Amir"]
[Black "D'Amore, Carlo"]
[Result "1/2-1/2"]
[WhiteElo "2200"]
[BlackElo "2450"]

1.e4 g6 2.d4 Bg7 3.Nc3 d6 4.Be3 c6 5.Qd2 b5 6.f3 a6 7.g4 Nd7 8.h4 h5 9.g5 Nb6
10.b3 Qc7 11.a4 b4 12.Nce2 c5 13.Rd1 Bb7 14.Bh3 e6 15.dxc5 dxc5 16.Qd6 Qxd6
17.Rxd6 Nd7 18.Nf4 Ne7 19.Nge2 Nc6 20.Kf2 Bf8 21.Rd2 Nde5 22.Rhd1 c4 23.Nd4 c3
24.Nxc6 Bxc6 25.Re2 Bg7 26.Bc5 a5 27.Bxe6 fxe6 28.Nxe6 Kf7 29.Nxg7 Rad8 30.Rxd8 Rxd8
31.Ke3 Nc4+ 32.bxc4 Kxg7 33.Bb6 Ra8 34.Re1 Bxa4 35.Ra1 Bxc2 36.Rxa5 Rc8 37.Rc5 Rxc5
38.Bxc5 Bb3 39.Kd3 c2 40.Be3 Kf7 41.Kd4 Ba4 42.Kc5 b3 43.Bc1 Bd7 44.Kd6 Bh3
45.f4 Ke8 46.Ke5 Bf1 47.c5 Bb5 48.Kd6 Bd3 49.Kd5 Ke7 50.Ke5 Kd8  1/2-1/2

[Event "Yerevan ol (Men)"]
[Site "Yerevan"]
[Date "1996.??.??"]
[Round "9"]
[White "Prasad, Devaki V"]
[Black "Irzhanov, Ruslan"]
[Result "0-1"]
[WhiteElo "2470"]
[BlackElo "2535"]

1.e4 g6 2.d4 Bg7 3.Nc3 d6 4.Be3 c6 5.Qd2 b5 6.f3 Qa5 7.h4 h5 8.Nh3 Nd7 9.Nf2 b4
10.Ncd1 c5 11.c3 bxc3 12.bxc3 Rb8 13.Be2 Ngf6 14.d5 Ne5 15.Rc1 Ba6 16.c4 Qxd2+
17.Bxd2 O-O 18.O-O e6 19.Re1 Rfe8 20.Rc2 Rb1 21.dxe6 fxe6 22.Ne3 Reb8 23.Kf1 Nfd7
24.Nd3 Nc6 25.Rxb1 Rxb1+ 26.Rc1 Rb8 27.Bd1 Nd4 28.Bc2 Bf6 29.Be1 Kf7 30.f4 Nxc2
31.Rxc2 Bb7 32.e5 dxe5 33.fxe5 Be4 34.Rd2 Bxd3+ 35.Rxd3 Nxe5 36.Rb3 Nc6 37.Rb5 Bd4
38.Nc2 a6 39.Rxb8 Nxb8 40.Ke2 Nc6 41.Kf3 e5 42.Ke4 Ke6 43.Bg3 Ne7 44.Nxd4+ exd4
45.Bf4 Nf5 46.g3 Nd6+ 47.Kd3 Ne8 48.Bh6 Nf6 49.Bg7 Kf5 50.Bf8 Nd7 51.Bd6 Ke6  0-1

[Event "Yerevan ol (Men)"]
[Site "Yerevan"]
[Date "1996.??.??"]
[Round "10"]
[White "Al Modiahki, Mohamad"]
[Black "Zabasajja, Willy"]
[Result "1-0"]
[WhiteElo "2420"]
[BlackElo "2280"]

1.e4 g6 2.d4 Bg7 3.Nc3 d6 4.Nge2 e5 5.dxe5 Bxe5 6.g3 Nc6 7.Bg2 Bg7 8.O-O Nf6
9.h3 O-O 10.Be3 Be6 11.f4 Bc4 12.Qd2 Qe7 13.Rfe1 Bxe2 14.Rxe2 Na5 15.Qd3 a6
16.Rae1 Rae8 17.Bf2 Nd7 18.Nd5 Qd8 19.b4 Nc6 20.c4 Nf6 21.a3 Nxd5 22.cxd5 Nb8
23.e5 b6 24.e6 fxe6 25.dxe6 Re7 26.h4 Qe8 27.Be4 Kh8 28.h5 gxh5 29.Bxh7 Rf6
30.Bf5 Nc6 31.Be4 Nd8 32.f5 a5 33.b5 Rf8 34.Kg2 Rf6 35.Bd4 Rf8 36.Rh1 Kg8
37.Bxg7 Rxg7 38.Bd5 Qe7 39.Rxh5 Rf6 40.Qd4 Rxg3+ 41.Kxg3 Qg7+ 42.Qg4  1-0

[Event "Yerevan ol (Men)"]
[Site "Yerevan"]
[Date "1996.??.??"]
[Round "10"]
[White "Mok Tze Meng"]
[Black "Saud, Mohamed"]
[Result "1-0"]
[WhiteElo "2240"]
[BlackElo "2150"]

1.e4 d6 2.d4 g6 3.Nc3 Bg7 4.Nf3 c6 5.Be2 Nf6 6.O-O Qc7 7.h3 e5 8.dxe5 dxe5
9.Bg5 O-O 10.Qc1 Re8 11.Bh6 Bh8 12.Rd1 Nbd7 13.Qe3 Nf8 14.Rd2 Ne6 15.g3 Nd4
16.Bf1 Nh5 17.Rad1 Qb6 18.g4 Nxf3+ 19.Qxf3 Nf4 20.b3 Be6 21.Na4 Qc7 22.Nc5 Rad8
23.Rxd8 Rxd8 24.Rxd8+ Qxd8 25.Nxb7 Qe7 26.Qd1 g5 27.Qd8+ Qxd8 28.Nxd8 f6
29.Nxe6 Nxe6 30.Bc4 Kf7 31.Bxe6+ Kxe6 32.Bf8 Kf7 33.Bc5 a6 34.Kf1 Bg7 35.Ke2 Bf8
36.Bxf8 Kxf8 37.Kd3 Ke7 38.Kc4 Kd6 39.Kb4 Kc7 40.Kc5 a5 41.a4 Kb7 42.Kd6 Kb6
43.c4  1-0

[Event "Yerevan ol (Men)"]
[Site "Yerevan"]
[Date "1996.??.??"]
[Round "10"]
[White "Senador, Emmanuel"]
[Black "Urban, Klaudiusz"]
[Result "0-1"]
[WhiteElo "2365"]
[BlackElo "2470"]

1.e4 g6 2.d4 Bg7 3.Nc3 d6 4.f4 Nf6 5.Nf3 O-O 6.Be3 b6 7.Qd2 Bb7 8.Bd3 c5
9.d5 Na6 10.Qe2 Nc7 11.a4 e6 12.dxe6 fxe6 13.O-O-O d5 14.exd5 exd5 15.Ne5 Qc8
16.h4 c4 17.Bxc4 dxc4 18.Qxc4+ Ne6 19.Qb3 Kh8 20.h5 gxh5 21.Nb5 Nc5 22.Nf7+ Rxf7
23.Qxf7 Qe6 24.Qxe6 Nxe6 25.f5 Nc5 26.a5 Bxg2 27.Rhg1 Bf3 28.Rde1 Bg4 29.Bxc5 bxc5
30.Re7 Rb8 31.Nc3 Bh6+ 32.Kb1 Bd2 33.Na4 Bxa5 34.Rxa7 Bd2 35.Rf7 Ne4 36.Rg2 Bg5
37.Rc7 Bf6 38.Kc1 Bf3 39.Rg1 Bd4 40.Re1 Bf2 41.Rxe4 Bxe4 42.Nxc5 Bxf5 43.Na6 Be3+
44.Kb1 Rc8  0-1

[Event "Yerevan ol (Men)"]
[Site "Yerevan"]
[Date "1996.??.??"]
[Round "10"]
[White "Minasian, Artashes"]
[Black "Conquest, Stuart"]
[Result "1-0"]
[WhiteElo "2540"]
[BlackElo "2585"]

1.e4 g6 2.d4 Bg7 3.Nc3 d6 4.Be3 c6 5.a4 a5 6.h3 Na6 7.Nf3 Nf6 8.Be2 O-O 9.O-O Qc7
10.Nd2 Rd8 11.f4 Nb4 12.Ncb1 c5 13.c3 cxd4 14.Bxd4 e5 15.Bf2 Na6 16.Na3 Nc5
17.Nb5 Qe7 18.Bh4 h6 19.b4 Ne6 20.f5 gxf5 21.exf5 Nf4 22.Bg4 axb4 23.cxb4 d5
24.Qb3 d4 25.Rae1 N4d5 26.Ne4 Ra6 27.Nc5 Rc6 28.Bf3 Nxb4 29.Bxc6 Qxc5 30.Rc1 Qb6
31.Bf3 Nc6 32.Kh1 Bd7 33.Rce1 Re8 34.Bxf6 Bxf6 35.Bd5 Rf8 36.Re4 Ne7 37.Rg4+ Kh7
38.Bxf7 Bxf5 39.Rxf5 Nxf5 40.Rg6 e4 41.Qd5 Qd8 42.Qxf5 Rxf7 43.Qf4  1-0

[Event "Yerevan ol (Women)"]
[Site "Yerevan"]
[Date "1996.??.??"]
[Round "11"]
[White "Sziva, Erika"]
[Black "Ovezova, M."]
[Result "1-0"]
[WhiteElo "2250"]
[BlackElo "2145"]

1.e4 d6 2.d4 g6 3.Nc3 Bg7 4.Be2 Nd7 5.f4 c5 6.dxc5 Nxc5 7.Bf3 Nf6 8.Be3 Qa5
9.Qd2 Bg4 10.e5 dxe5 11.fxe5 Rd8 12.exf6 Rxd2 13.fxg7 Rg8 14.Bxd2 Bf5 15.O-O-O Qc7
16.g4 Be6 17.Nge2 Rxg7 18.Kb1 Qc8 19.Be3 f6 20.Rd2 Kf7 21.h3 Rg8 22.Nf4 Bc4
23.Rhd1 g5 24.Nh5 Ne6 25.Ng3 Rd8 26.Rxd8 Nxd8 27.Bf4 Nc6 28.Nf5 Nb4 29.a3 Nc6
30.Bd6 Be6 31.Bxe7 Nxe7 32.Nd6+  1-0

[Event "Yerevan ol (Men)"]
[Site "Yerevan"]
[Date "1996.??.??"]
[Round "11"]
[White "Hodgson, Julian M"]
[Black "Hillarp Persson, Tiger"]
[Result "1/2-1/2"]
[WhiteElo "2550"]
[BlackElo "2400"]

1.d4 d6 2.e4 g6 3.Nc3 Bg7 4.Be3 a6 5.Qd2 Nd7 6.h4 h5 7.Nf3 Ngf6 8.e5 Ng4
9.e6 fxe6 10.Bd3 Nf8 11.O-O-O Bd7 12.Rhe1 c6 13.Bg5 Qa5 14.Kb1 Rh7 15.Qe2 Bh8
16.Bd2 Rf7 17.Ne4 Qb6 18.Bc1 a5 19.Nfg5 Rf5 20.f3 Nf6 21.Nc3 Rd5 22.Nxd5 Nxd5
23.Qd2 Bxd4 24.Bxg6+ Nxg6 25.Qxd4 Qxd4 26.Rxd4 e5 27.Rd2 b5 28.g3 b4 29.Rd3 Bf5
30.Ne4 Kd7 31.Ka1 Nf8 32.c4 bxc3 33.bxc3 Ne6 34.Ba3 Rg8 35.c4 Bxe4 36.Rxe4 Nb4
37.Bxb4 axb4 38.Rxe5 Rxg3 39.Ra5 c5 40.Ra7+ Nc7 41.a3 Kc6 42.axb4 cxb4 43.Kb2 e5
44.Rb3 e4 45.Re3 exf3  1/2-1/2

[Event "Yerevan ol (Men)"]
[Site "Yerevan"]
[Date "1996.??.??"]
[Round "11"]
[White "Menghi, Carlo"]
[Black "Schlosser, Michael"]
[Result "1/2-1/2"]
[WhiteElo "2245"]
[BlackElo "2380"]

1.d4 g6 2.e4 Bg7 3.Nc3 d6 4.Be3 c6 5.h3 b5 6.Bd3 Nd7 7.Nf3 Bb7 8.O-O a6 9.a4 b4
10.Ne2 c5 11.c3 Ngf6 12.Ng3 bxc3 13.bxc3 O-O 14.a5 Qc7 15.Qd2 Rfe8 16.Rfb1 Reb8
17.Qa2 Nf8 18.Nd2 N6d7 19.Ne2 Bc8 20.Bg5 Ne6 21.Be3 Nd8 22.Bc4 e6 23.Nf4 Kh8
24.Nf3 Nf6 25.Bd3 Nc6 26.Rxb8 Rxb8 27.Qa3 c4 28.e5 dxe5 29.dxe5 Nxe5 30.Nxe5 Qxe5
31.Bxc4 Bb7 32.Bf1 Ne4 33.Ne2 Qc7 34.Rc1 Nd6 35.Bb6 Qc6 36.Nd4 Qd7 37.c4 Nc8
38.Bc5 Kg8 39.Nb3 Bc6 40.Be3 Bf8 41.Qa2 Ne7 42.Nc5 Qc8 43.Bf4 Ra8 44.Na4 Qd8
45.Nb6 Ra7 46.Qa1 Nf5 47.Rd1 Qe8 48.Bg5 Ne7 49.Bf6 Rb7 50.Qd4  1/2-1/2

[Event "Yerevan ol (Men)"]
[Site "Yerevan"]
[Date "1996.??.??"]
[Round "12"]
[White "Nedev, Trajce"]
[Black "Urban, Klaudiusz"]
[Result "1/2-1/2"]
[WhiteElo "2415"]
[BlackElo "2470"]

1.e4 g6 2.d4 Bg7 3.Nc3 d6 4.Be3 a6 5.Qd2 b5 6.f3 Nd7 7.h4 h5 8.Nh3 Bb7 9.Ng5 Ngf6
10.a4 b4 11.Nd1 a5 12.Nf2 O-O 13.c3 c5 14.Be2 Rc8 15.O-O e6 16.cxb4 cxb4
17.Rfc1 Qe7 18.Bb5 Rfd8 19.Nd3 Nh7 20.Rxc8 Rxc8 21.Rc1 Qd8 22.Rxc8 Qxc8 23.Nc1 Ba6
24.Bxa6 Qxa6 25.Qe2 Nxg5 26.hxg5 Qa7 27.Nb3 e5 28.Qc4 exd4 29.Bf2  1/2-1/2

[Event "Yerevan ol (Women)"]
[Site "Yerevan"]
[Date "1996.??.??"]
[Round "12"]
[White "Hernandez, Tania"]
[Black "Agababian, Naira"]
[Result "1/2-1/2"]
[WhiteElo "2220"]
[BlackElo "2210"]

1.e4 g6 2.d4 Bg7 3.Nc3 d6 4.Nf3 c6 5.a4 Bg4 6.Be3 e6 7.Be2 Bxf3 8.Bxf3 Ne7
9.Qd2 h5 10.d5 cxd5 11.exd5 e5 12.O-O f5 13.Bg5 O-O 14.Ra3 Nd7 15.Nb5 Nf6
16.Rc3 Ne8 17.Rb3 Qd7 18.Re1 Rf7 19.c4 a6 20.Na3 f4 21.c5 Qxa4 22.Rxb7 Nf5
23.Rb4 Qa5 24.c6 Rb8 25.Nc2 Rxb4 26.Qxb4 Qxb4 27.Nxb4 a5 28.Na6 Ra7 29.Be2 Bf6
30.Bxf6 Nxf6 31.Bc4 Ne7 32.Ra1 Kg7 33.Rxa5 Nexd5 34.Bxd5 Nxd5 35.Ra3 Ne7
36.c7 Nc8 37.b4 Rb7 38.Kf1 Kf7 39.Ke2 Ke6 40.Ra5 Kd7 41.Kd3 Rb6 42.f3 Kc6
43.Kc4 Ne7 44.b5+ Kb7 45.Ra2 Nf5 46.Rd2 Nd4 47.Rxd4 exd4 48.Nb4 d5+ 49.Nxd5 Re6
50.Kxd4 Re2 51.b6 g5 52.Nc3 Re6 53.Na4 Rc6 54.Ke4 g4 55.Kd4 h4 56.h3 gxh3
57.gxh3 Kc8 58.Kd5 Kb7 59.Kd4 Kc8 60.Kd5 Kb7 61.Nc5+ Kxb6 62.Ne4 Rc1 63.Ke5 Kb7
64.Kxf4 Kc8 65.Kg4 Kd7 66.Ng5 Rxc7 67.Kxh4 Ke7 68.f4 Kf6 69.Kg4 Rc4 70.h4 Kg6
71.Nf3 Kh6 72.Ne5 Ra4 73.Nf7+ Kg6 74.Nd6 Kf6 75.h5 Rd4 76.Nf5 Rd5 77.Ng3 Rd4  1/2-1/2

[Event "Yerevan ol (Men)"]
[Site "Yerevan"]
[Date "1996.??.??"]
[Round "13"]
[White "Franzoni, Giancarlo"]
[Black "Strikovic, Aleksa"]
[Result "1/2-1/2"]
[WhiteElo "2460"]
[BlackElo "2550"]

1.e4 g6 2.Nc3 Bg7 3.d4 d6 4.g3 Nf6 5.Bg2 O-O 6.Nge2 c6 7.a4 e5 8.O-O a5 9.h3 Na6
10.Be3 Nb4 11.Qd2 Be6 12.Rad1 d5 13.exd5 Nfxd5 14.Nxd5 Bxd5 15.c3 Bxg2 16.Kxg2 Nd5
17.dxe5 Bxe5 18.Bd4 Bxd4 19.Nxd4 Nb6 20.Qc2 Qd5+ 21.Nf3 Qa2 22.Rd4 c5 23.Rh4 Rad8
24.Re1 Qd5 25.Re5 Qc6 26.Qe4 Rd5 27.Rxd5 Qxd5 28.Qxd5 Nxd5 29.Re4 Rd8 30.Kf1 Kf8
31.Ke1 Nb6 32.Nd2 f5 33.Rf4 Rd5 34.Nc4 Nxc4 35.Rxc4 Ke7 36.Rf4 Ke6 37.Rf3 c4
38.Rf4 Re5+ 39.Kd2 Rc5 40.Kc2 g5 41.Rd4 h5 42.f3 Re5 43.Kd2 Rd5 44.Ke3 h4
45.Rxd5 Kxd5 46.gxh4 gxh4 47.f4 Kc5 48.Ke2 b5 49.axb5 Kxb5 50.Kd2  1/2-1/2

[Event "Zalakaros op"]
[Site "Zalakaros"]
[Date "1996.??.??"]
[Round "3"]
[White "Pospelov, Evgeny"]
[Black "Kincs, Imre"]
[Result "1-0"]
[WhiteElo "2370"]
[BlackElo "2225"]

1.d4 g6 2.e4 Bg7 3.Nc3 d6 4.f4 Nf6 5.Nf3 O-O 6.Bd3 c5 7.dxc5 dxc5 8.e5 Nd5
9.Nxd5 Qxd5 10.Qe2 Bf5 11.Bc4 Qe4 12.c3 Qxe2+ 13.Kxe2 Be4 14.Be3 b6 15.Rhd1 h6
16.a4 Nc6 17.Nd2 Bxg2 18.Rg1 Bh3 19.Rxg6 Na5 20.Rag1  1-0